Представление документа в формате MARC21

ПолеНазваниеЗначение
  Тип записи a
  Библиографический уровень m
001 Контрольный номер RU\infra-m\znanium\bibl\2236490
005 Дата корректировки 20260429142123.3
008 Кодируемые данные 260120s2025 RU g rus u
020 Индекс ISBN __
a ISBN 978-5-00139-975-9
040 Источник каталогиз. __
a Служба первич. каталог. Общество с ограниченной ответственностью «ЗНАНИУМ»
041 Код языка издания __
a Код языка текста rus
044 Код страны публикации __
a Код страны публикации RU
080 Индекс УДК __
a Индекс УДК 94
084 Индекс другой классификации/Индекс ББК __
2 Источник индекса rubbk
a Индекс другой классификации/Индекс ББК 633
084 Индекс другой классификации/Индекс ББК __
2 Источник индекса okso
a Индекс другой классификации/Индекс ББК 46.03.01
100 Автор __
a Автор Рубинштейн Д.
q Полное имя Рубинштейн Джошуа
245 Заглавие __
a Заглавие Последние дни Сталина
b Продолж. заглавия Научно-популярная литература
250 Сведения об издании __
a Основные сведения об издании 1
260 Выходные данные __
a Место издания Москва
b Издательство ООО "Альпина нон-фикшн"
c Дата издания 2026
300 Физическое описание __
a Объем 312 с.
520 Аннотация __
a Аннотация Книга Джошуа Рубинштейна — это захватывающий рассказ о месяцах до и после смерти Сталина и о том как они изменили ход истории XX века. Внезапная болезнь и кончина Сталина в марте 1953 года для многих оказались полной неожиданностью. Тиран был полон грандиозных замыслов он готовился бросить вооруженный вызов новоизбранному президенту США Дуайту Эйзенхауэру а у себя в стране инициировал жестокую кампанию против советских евреев после чего намеревался провести чистку в рядах высшего руководства компартии. Теперь давних единомышленников Сталина ждало множество непростых дилемм. В странах социалистического блока давали о себе знать протестные настроения. Яркие страницы книги посвящены противостоянию Берии Маленкова Хрущева сравнению свидетельств очевидцев событий с официальными опубликованными версиями. Особый интерес представляют документы связанные с международными отношениями в частности с реакцией администрации Эйзенхауэра и его ближайших помощников на кремлевские инициативы после смерти Сталина.
521 Примеч. о цел. назн. __
a Примеч. о целев. назн. Дополнительное образование
650 Тематические рубрики __
a Основная рубрика История. Исторические науки
655 Указ. предметных рубрик (устаревшее) __
a Жанр/ форма (устаревшее) Научно-популярная литература
856 Электронный адрес документа 4_
a Имя сервера/домена znanium.ru
m Помощь ebs_support@infra-m.ru
n Местонахождение сервера НИЦ ИНФРА-М
u URL https://znanium.ru/catalog/document?id=474425
856 Электронный адрес документа 48
a Имя сервера/домена znanium.ru
d Путь /cover/2236
f Электронное имя 2236490.jpg
q Тип электронного формата image/jpeg
u URL https://znanium.ru/cover/2236/2236490.jpg
911 __
u 0030=https://znanium.ru/catalog/document?id=474425